[Event "17th CRO-chT 1b"]
[Site "Sibenik CRO"]
[Date "2008.09.30"]
[Round "4"]
[White "Kazhgaleyev, M."]
[Black "Sax, G."]
[Result "1/2-1/2"]
[WhiteElo "2641"]
[BlackElo "2506"]
[PlyCount "57"]
[EventDate "2008.09.27"]
[SourceDate "1999.07.01"]

1. d4 Nf6 2. c4 e6 3. Nf3 b6 4. g3 Ba6 5. Qc2 Bb4+ 6. Bd2 Be7 7. e4 d5 8. cxd5
Bxf1 9. Kxf1 exd5 10. e5 Ne4 11. Nc3 Nxd2+ 12. Qxd2 Qd7 13. Qd3 Nc6 14. Qb5
O-O-O 15. Qa6+ Kb8 16. Rc1 Nb4 17. Qe2 Qh3+ 18. Kg1 c5 19. dxc5 Bxc5 20. a3 Nc6
21. Na4 Rc8 22. Nxc5 bxc5 23. Qe3 c4 24. Qf4 Qe6 25. Kg2 Rhe8 26. Rhe1 h6 27.
b3 g5 28. Qe3 d4 29. Nxd4 1/2-1/2

[Event "5th CHN-RUS"]
[Site "Ningpo CHN"]
[Date "2008.09.18"]
[Round "1"]
[White "Zhao Xue"]
[Black "Kosintseva, T."]
[Result "1/2-1/2"]
[WhiteElo "2522"]
[BlackElo "2511"]
[PlyCount "41"]
[EventDate "2008.09.18"]
[SourceDate "1999.07.01"]

1. d4 Nf6 2. c4 e6 3. Nf3 b6 4. g3 Ba6 5. Nbd2 Bb4 6. Qc2 Bb7 7. Bg2 c5 8. a3
Be4 9. Qd1 Bxd2+ 10. Qxd2 cxd4 11. Qxd4 Nc6 12. Qc3 O-O 13. Bg5 d5 14. cxd5
Bxd5 15. Rc1 Rc8 16. O-O Ne4 17. Bxd8 Nxc3 18. Rxc3 Rfxd8 19. Rfc1 f6 20. h3
Kf7 21. Nd4 1/2-1/2

[Event "3rd PGMA Cup"]
[Site "Manila PHI"]
[Date "2008.09.08"]
[Round "3"]
[White "Zhou Weiqi"]
[Black "Paragua, M."]
[Result "1-0"]
[WhiteElo "2556"]
[BlackElo "2523"]
[PlyCount "73"]
[EventDate "2008.09.07"]
[SourceDate "1999.07.01"]

1. d4 Nf6 2. c4 e6 3. Nf3 b6 4. g3 Ba6 5. Qc2 Bb7 6. Bg2 c5 7. d5 exd5 8. cxd5
Nxd5 9. O-O Be7 10. Rd1 Qc8 11. a3 Nf6 12. Bg5 d5 13. Bxf6 Bxf6 14. Nc3 Bxc3
15. bxc3 Qc7 16. Nh4 O-O 17. Nf5 Rd8 18. e4 g6 19. Nh6+ Kg7 20. Qd2 d4 21. cxd4
Rxd4 22. Qg5 Nc6 23. Nf5+ Kg8 24. Nxd4 Nxd4 25. Ra2 Re8 26. f3 Qc6 27. a4 f5
28. Re1 Qe6 29. Rf2 Qb3 30. g4 Qxa4 31. gxf5 Nxf5 32. Ree2 Qd1+ 33. Bf1 Nd4 34.
Rd2 Nxf3+ 35. Rxf3 Qxf3 36. Bc4+ Kh8 37. Rd8 1-0

[Event "I Liga Seniorow"]
[Site "Ustron POL"]
[Date "2008.09.10"]
[Round "5"]
[White "Malaniuk, V."]
[Black "Kryvoruchko, Y."]
[Result "1/2-1/2"]
[WhiteElo "2508"]
[BlackElo "2628"]
[PlyCount "20"]
[EventDate "2008.09.06"]
[SourceDate "1999.07.01"]

1. d4 Nf6 2. Nf3 e6 3. c4 b6 4. e3 Bb7 5. Bd3 d5 6. b3 Bd6 7. O-O O-O 8. Bb2
Nbd7 9. Nc3 a6 10. Rc1 Qe7 1/2-1/2

[Event "DMP Ekstraliga"]
[Site "Karpacz POL"]
[Date "2008.09.11"]
[Round "6"]
[White "Miton, K."]
[Black "Socko, B."]
[Result "1/2-1/2"]
[WhiteElo "2580"]
[BlackElo "2627"]
[PlyCount "58"]
[EventDate "2008.09.06"]
[SourceDate "1999.07.01"]

1. d4 Nf6 2. c4 e6 3. Nf3 b6 4. g3 Ba6 5. Qc2 Bb4+ 6. Bd2 Be7 7. e4 d5 8. cxd5
Bxf1 9. Kxf1 exd5 10. e5 Ne4 11. Nc3 Nxc3 12. bxc3 Qd7 13. Kg2 Nc6 14. c4 O-O-O
15. Rhc1 Kb7 16. Qb3 g5 17. h3 h5 18. cxd5 Qxd5 19. Qxd5 Rxd5 20. Bxg5 Bxg5 21.
Nxg5 f6 22. Nf3 fxe5 23. dxe5 Nxe5 24. Nxe5 Rxe5 25. f4 Re3 26. Rf1 Rg8 27. Rf3
Re2+ 28. Rf2 Re3 29. Rf3 Rh8 1/2-1/2

[Event "DMP Ekstraliga"]
[Site "Karpacz POL"]
[Date "2008.09.13"]
[Round "8"]
[White "Gajewski, G."]
[Black "Czakon, J."]
[Result "0-1"]
[WhiteElo "2575"]
[BlackElo "2510"]
[PlyCount "92"]
[EventDate "2008.09.06"]
[SourceDate "1999.07.01"]

1. d4 Nf6 2. c4 e6 3. Nf3 b6 4. g3 Ba6 5. Qc2 c5 6. d5 exd5 7. cxd5 g6 8. Bg2
Bg7 9. O-O O-O 10. Nc3 d6 11. Bf4 Re8 12. Rfe1 b5 13. a3 Qb6 14. e4 Nbd7 15. a4
b4 16. Nb5 Nh5 17. Bh3 Ndf6 18. Bg5 h6 19. Bxf6 Nxf6 20. Nd2 Bxb5 21. axb5 Qxb5
22. Bf1 Qd7 23. Nc4 Qe7 24. Bh3 a5 25. e5 dxe5 26. d6 Qd8 27. d7 Nxd7 28. Rad1
Re7 29. Qa4 Ra7 30. Rd6 e4 31. Qc6 Qc7 32. Qd5 Nf6 33. Qd1 Ra8 34. Qa4 Nh7 35.
Rc6 Qd8 36. Nb6 Rb8 37. Nc8 Ng5 38. Nxe7+ Qxe7 39. Bg2 Qd7 40. Bxe4 Nxe4 41.
Rxe4 Kh7 42. b3 Bd4 43. Kf1 Qh3+ 44. Kg1 Bxf2+ 45. Kxf2 Qxh2+ 46. Kf3 Qh1+ 0-1

[Event "II ROMGAZ Open"]
[Site "Bucharest ROU"]
[Date "2008.09.19"]
[Round "9"]
[White "Jianu, V."]
[Black "Gelashvili, T."]
[Result "0-1"]
[WhiteElo "2522"]
[BlackElo "2612"]
[PlyCount "110"]
[EventDate "2008.09.11"]
[SourceDate "1999.07.01"]

1. d4 Nf6 2. c4 e6 3. Nf3 b6 4. e3 Bb7 5. Bd3 d5 6. O-O Bd6 7. b3 O-O 8. Bb2
Nbd7 9. cxd5 exd5 10. Ne5 Qe7 11. f4 Ne4 12. Bb5 Bxe5 13. fxe5 f6 14. Nc3 Nxc3
15. Bxc3 fxe5 16. dxe5 Nxe5 17. Qd4 Ng6 18. b4 c5 19. bxc5 bxc5 20. Qd2 Nh4 21.
Bd3 Rae8 22. Rxf8+ Rxf8 23. Rf1 Re8 24. Bb5 Qxe3+ 25. Qxe3 Rxe3 26. Bd2 Re4 27.
Rb1 Rg4 28. Kh1 Ng6 29. Bd7 Rd4 30. Be6+ Kf8 31. Be3 Re4 32. Bxc5+ Ke8 33. Bf5
Rc4 34. Bxa7 Bc6 35. Re1+ Kf7 36. Bb8 Rb4 37. Bd6 Rb2 38. Be6+ Kf6 39. Bc7 Kg5
40. Rc1 Bb7 41. Bd8+ Kh6 42. h4 d4 43. Bh3 Ne5 44. Bg5+ Kg6 45. Rc5 h6 46. Bf4
Nf7 47. Kg1 Kf6 48. a4 g5 49. Bc1 Ra2 50. Rf5+ Kg6 51. h5+ Kg7 52. Rb5 g4 53.
Bb2 gxh3 54. Rxb7 Rxa4 55. Rd7 hxg2 0-1

[Event "TCh-SRB 1st League"]
[Site "Subotica SRB"]
[Date "2008.09.08"]
[Round "7"]
[White "Lajthajm, B."]
[Black "Jeremic, V."]
[Result "1/2-1/2"]
[WhiteElo "2513"]
[BlackElo "2503"]
[PlyCount "167"]
[EventDate "2008.09.01"]
[SourceDate "1999.07.01"]

1. d4 Nf6 2. c4 e6 3. Nf3 b6 4. g3 Bb4+ 5. Bd2 Bxd2+ 6. Qxd2 Ba6 7. b3 c6 8.
Bg2 d5 9. O-O Nbd7 10. cxd5 cxd5 11. Rc1 Ne4 12. Qb2 Rc8 13. e3 O-O 14. Nbd2
Nxd2 15. Nxd2 Qe7 16. b4 Bb7 17. a4 Qd6 18. Bf1 Rfe8 19. Nf3 f6 20. a5 Nf8 21.
b5 Rxc1 22. Qxc1 Rc8 23. Qb2 Rc7 24. axb6 axb6 25. h4 Ng6 26. Bd3 Nf8 27. Kg2
Re7 28. Rc1 Rc7 29. Rc2 Bc8 30. Rxc7 Qxc7 31. Qa3 Kf7 32. h5 Bd7 33. Qa8 Qc3
34. Bf1 Qc7 35. Ne1 Qc3 36. Nf3 Qc7 37. Nh2 Ke7 38. Qa3+ Kf7 39. Nf3 Be8 40.
Bd3 Kg8 41. g4 Qd7 42. Qa8 g6 43. hxg6 hxg6 44. Kh1 Qh7+ 45. Kg2 Qe7 46. g5 f5
47. Qb8 Nd7 48. Qc7 Kf8 49. Be2 Qg7 50. Ng1 Qe7 51. Nh3 Bf7 52. Kf1 Ke8 53. Qc6
Qa3 54. Nf4 Ke7 55. Kg2 Qd6 56. Qc3 Kd8 57. Nd3 Ke7 58. Nb4 Be8 59. Nc6+ Kf8
60. Qa1 Nb8 61. Ne5 Nd7 62. Qh1 Nxe5 63. Qh8+ Ke7 64. dxe5 Qb4 65. Qf6+ Kd7 66.
Qg7+ Qe7 67. Qf6 Qb4 68. Qh8 Qe7 69. Qh4 Qc5 70. Qh7+ Qe7 71. Qxe7+ Kxe7 72.
Kf1 Bf7 73. Bd3 Be8 74. Kg2 Bf7 75. Kg3 Be8 76. Kf4 Bf7 77. f3 Be8 78. e4 fxe4
79. fxe4 dxe4 80. Kxe4 Bf7 81. Kd4 Be8 82. Kc4 Bf7 83. Be4 Be8 84. Bc6 1/2-1/2

[Event "SuperLiga-ROM"]
[Site "Eforie Nord ROM"]
[Date "2008.09.02"]
[Round "2"]
[White "Nisipeanu, LD."]
[Black "Parligras, M."]
[Result "1/2-1/2"]
[WhiteElo "2692"]
[BlackElo "2588"]
[PlyCount "45"]
[EventDate "2008.09.01"]
[SourceDate "1999.07.01"]

1. d4 Nf6 2. c4 e6 3. Nf3 b6 4. g3 Ba6 5. Qc2 Bb4+ 6. Bd2 Be7 7. e4 d5 8. cxd5
Bxf1 9. Kxf1 exd5 10. e5 Ne4 11. Nc3 Nxc3 12. bxc3 Qd7 13. Kg2 Nc6 14. Bg5 O-O
15. Rae1 h6 16. h4 Qe6 17. Bc1 Nd8 18. Ng1 c5 19. Nh3 cxd4 20. cxd4 Rc8 21. Qe2
Rc4 22. Nf4 Qc6 23. Qf3 1/2-1/2

[Event "TCh-ESP Hon Gp1"]
[Site "Cala Mayor ESP"]
[Date "2008.09.03"]
[Round "1"]
[White "San Segundo Carrillo, P."]
[Black "Gomez Esteban, J."]
[Result "1-0"]
[WhiteElo "2560"]
[BlackElo "2503"]
[PlyCount "101"]
[EventDate "2008.09.03"]
[SourceDate "1999.07.01"]

1. d4 Nf6 2. c4 e6 3. Nf3 b6 4. g3 Ba6 5. b3 Bb4+ 6. Bd2 Be7 7. Bg2 c6 8. Bc3
d5 9. Ne5 Nfd7 10. Nxd7 Nxd7 11. Nd2 O-O 12. O-O Rc8 13. e4 c5 14. exd5 exd5
15. dxc5 dxc4 16. c6 cxb3 17. Re1 b2 18. Bxb2 Nc5 19. Nc4 Bxc4 20. Qg4 Bg5 21.
Qxc4 Nd3 22. Be5 Nxe1 23. Rxe1 Bf6 24. Bxf6 Qxf6 25. c7 Qd6 26. Rc1 b5 27. Qc2
g6 28. Bb7 a5 29. Qc5 Qxc5 30. Rxc5 b4 31. Kf1 a4 32. Ke2 b3 33. axb3 axb3 34.
Kd2 Rfe8 35. Ba6 Kf8 36. Kc3 f6 37. Rc4 f5 38. Rc5 Kf7 39. f4 Rf8 40. Kxb3 Ke6
41. Bxc8+ Rxc8 42. Kc4 Kd6 43. Kd4 Rxc7 44. Rxc7 Kxc7 45. Ke5 Kd7 46. Kf6 Ke8
47. Kg7 Ke7 48. Kxh7 Kf7 49. Kh6 Kf6 50. h4 Kf7 51. Kg5 1-0

[Event "TCh-ESP Hon Gp2"]
[Site "Sabadell ESP"]
[Date "2008.09.07"]
[Round "5"]
[White "Ubilava, E."]
[Black "Khamrakulov, I."]
[Result "1-0"]
[WhiteElo "2525"]
[BlackElo "2597"]
[PlyCount "75"]
[EventDate "2008.09.03"]
[SourceDate "1999.07.01"]

1. d4 Nf6 2. c4 e6 3. Nf3 b6 4. g3 Ba6 5. b3 Bb4+ 6. Bd2 Be7 7. Bg2 d5 8. cxd5
Nxd5 9. Nc3 Bb7 10. O-O O-O 11. Qc2 Nd7 12. Nxd5 Bxd5 13. e4 Bb7 14. Rad1 c5
15. d5 exd5 16. exd5 Re8 17. d6 Bf6 18. Ng5 Bxg5 19. Bxb7 Rb8 20. Bc6 Bxd2 21.
Rxd2 Re6 22. Rfd1 Nf8 23. Qc4 Qf6 24. Qa6 Rd8 25. Qxa7 Rexd6 26. Rxd6 Rxd6 27.
Rxd6 Qxd6 28. Qxb6 Ne6 29. Qb7 h5 30. Qd7 Qe5 31. Qe8+ Kh7 32. Qxf7 h4 33. Bb5
Qe1+ 34. Bf1 hxg3 35. Qh5+ Kg8 36. Qe8+ Kh7 37. hxg3 g6 38. a4 1-0

[Event "Masters"]
[Site "Trieste ITA"]
[Date "2008.09.03"]
[Round "5"]
[White "Lalic, B."]
[Black "Lenic, L."]
[Result "1/2-1/2"]
[WhiteElo "2533"]
[BlackElo "2584"]
[PlyCount "20"]
[EventDate "2008.08.31"]
[SourceDate "1999.07.01"]

1. d4 Nf6 2. c4 e6 3. Nf3 b6 4. g3 Ba6 5. b3 b5 6. cxb5 Bxb5 7. Bg2 d5 8. O-O
Bd6 9. Nc3 Ba6 10. Re1 O-O 1/2-1/2

[Event "5th Open"]
[Site "Kalamaria GRE"]
[Date "2008.08.08"]
[Round "7"]
[White "Carlsson, P."]
[Black "Timoshenko, G."]
[Result "1/2-1/2"]
[WhiteElo "2514"]
[BlackElo "2572"]
[PlyCount "27"]
[EventDate "2008.08.27"]
[SourceDate "1999.07.01"]

1. d4 Nf6 2. c4 e6 3. Nf3 b6 4. g3 Ba6 5. b3 Bb4+ 6. Bd2 Be7 7. Bg2 c6 8. Bc3
d5 9. Nbd2 Nbd7 10. O-O O-O 11. Re1 Bb7 12. e4 c5 13. exd5 exd5 14. Ne5 1/2-1/2

[Event "6th Master Open"]
[Site "Amantea ITA"]
[Date "2008.09.04"]
[Round "6"]
[White "Naumkin, I."]
[Black "Maiorov, N1."]
[Result "1/2-1/2"]
[WhiteElo "2502"]
[BlackElo "2535"]
[PlyCount "27"]
[EventDate "2008.08.31"]
[SourceDate "1999.07.01"]

1. d4 Nf6 2. c4 e6 3. Nf3 b6 4. g3 Bb7 5. Bg2 Be7 6. Nc3 O-O 7. Qc2 c5 8. d5
exd5 9. Ng5 h6 10. Nxd5 Bxd5 11. cxd5 hxg5 12. d6 Nc6 13. dxe7 Qxe7 14. Bxg5
1/2-1/2

[Event "X Sants Open"]
[Site "Barcelona ESP"]
[Date "2008.08.28"]
[Round "7"]
[White "Hernandez Carmenates, Hold"]
[Black "Lafuente, P."]
[Result "1/2-1/2"]
[WhiteElo "2582"]
[BlackElo "2505"]
[PlyCount "106"]
[EventDate "2008.08.22"]
[SourceDate "1999.07.01"]

1. d4 Nf6 2. c4 e6 3. Nf3 b6 4. g3 Ba6 5. Qa4 Bb7 6. Bg2 c5 7. dxc5 bxc5 8. O-O
Be7 9. Nc3 O-O 10. Rd1 Qb6 11. Bf4 d6 12. Qb3 Rd8 13. Rd2 h6 14. Qxb6 axb6 15.
Rad1 Ne8 16. g4 Nd7 17. b3 Ndf6 18. h3 Ne4 19. Nxe4 Bxe4 20. a4 Rac8 21. Ne1
Bg6 22. Nc2 Bg5 23. Bxg5 Bxc2 24. Bxd8 Bxd1 25. Rxd1 Rxd8 26. b4 cxb4 27. Rb1
d5 28. cxd5 exd5 29. Rxb4 Rd6 30. Rd4 Nc7 31. e4 Ne6 32. e5 Rd8 33. Rxd5 Rxd5
34. Bxd5 Nc5 35. Bc6 Nd3 36. Be4 Nxe5 37. f4 Nd7 38. Kf2 Kf8 39. Ke3 Ke7 40. g5
Kd6 41. gxh6 gxh6 42. Kd4 Nc5 43. Bc2 f5 44. Ke3 Ke7 45. h4 Kd6 46. Kd4 Ne6+
47. Kc4 Nxf4 48. Bxf5 Nd5 49. Kd4 Nc7 50. Bc2 Na6 51. Ke4 Ke6 52. Bb3+ Kf6 53.
Kd5 Nc5 1/2-1/2

[Event "X Sants Open"]
[Site "Barcelona ESP"]
[Date "2008.08.29"]
[Round "8"]
[White "Cruz, Cr"]
[Black "Rodshtein, M."]
[Result "1/2-1/2"]
[WhiteElo "2508"]
[BlackElo "2605"]
[PlyCount "74"]
[EventDate "2008.08.22"]
[SourceDate "1999.07.01"]

1. d4 Nf6 2. c4 e6 3. Nf3 b6 4. g3 Ba6 5. b3 Bb4+ 6. Bd2 Be7 7. Bg2 c6 8. Bc3
d5 9. Ne5 Nfd7 10. Nxd7 Nxd7 11. Nd2 O-O 12. O-O f5 13. a4 Nf6 14. b4 Rc8 15.
Qb3 Ne4 16. cxd5 Nxc3 17. Qxc3 cxd5 18. Qe3 Qd6 19. b5 Bb7 20. Rfc1 Bf6 21. Nf3
Rc4 22. Rxc4 dxc4 23. Rc1 Bxf3 24. Qxf3 Qxd4 25. Qc6 c3 26. Qxe6+ Kh8 27. Qxf5
Qxa4 28. Be4 g6 29. Qd5 a6 30. bxa6 Qxa6 31. Rc2 b5 32. Ra2 Qb6 33. Ra8 Rxa8
34. Qxa8+ Kg7 35. Qd5 h5 36. Bc2 b4 37. e3 Be7 1/2-1/2

[Event "28th Open"]
[Site "Bratto ITA"]
[Date "2008.08.25"]
[Round "4"]
[White "Epishin, V."]
[Black "Tiviakov, S."]
[Result "1/2-1/2"]
[WhiteElo "2574"]
[BlackElo "2645"]
[PlyCount "55"]
[EventDate "2008.08.22"]
[SourceDate "1999.07.01"]

1. d4 Nf6 2. Nf3 e6 3. c4 b6 4. g3 Bb7 5. Bg2 c6 6. O-O Be7 7. Nc3 d5 8. b3 O-O
9. Bb2 Nbd7 10. Re1 Rc8 11. Rc1 Re8 12. e3 Rc7 13. h4 Qa8 14. Ng5 h6 15. Nh3
Rcc8 16. Nf4 Bd6 17. Nd3 dxc4 18. bxc4 c5 19. Bxb7 Qxb7 20. Nb5 Be7 21. dxc5
Nxc5 22. Bxf6 Nxd3 23. Qxd3 Bxf6 24. Qa3 Red8 25. Qxa7 Qxa7 26. Nxa7 Ra8 27.
Nb5 Rxa2 28. Red1 1/2-1/2

[Event "Acropolis Open"]
[Site "Athens GRE"]
[Date "2008.08.14"]
[Round "6"]
[White "Gelashvili, T."]
[Black "Parligras, M."]
[Result "0-1"]
[WhiteElo "2612"]
[BlackElo "2588"]
[PlyCount "188"]
[EventDate "2008.08.09"]
[SourceDate "1999.07.01"]

1. d4 Nf6 2. Nf3 e6 3. c4 b6 4. a3 Bb7 5. Nc3 d5 6. cxd5 Nxd5 7. e3 Be7 8. Bb5+
c6 9. Bd3 O-O 10. O-O Nxc3 11. bxc3 c5 12. e4 Nc6 13. d5 exd5 14. exd5 Na5 15.
c4 b5 16. cxb5 Qxd5 17. Qc2 Qh5 18. Be4 Bxe4 19. Qxe4 Bf6 20. Rb1 Qg6 21. Qxg6
hxg6 22. Bd2 Nc4 23. Rfc1 Nxa3 24. Rb3 Rfb8 25. Rxc5 Be7 26. Rd5 Rd8 27. Re5
Bf8 28. g3 Rab8 29. Bb4 Nc4 30. Re4 Rxb5 31. Rxc4 a5 32. Bxf8 Rxb3 33. Be7 Re8
34. Kg2 Rxf3 35. Kxf3 Rxe7 36. Rc8+ Kh7 37. Ra8 Re5 38. h4 g5 39. hxg5 Rxg5 40.
Ra7 Kg6 41. Kg2 Rc5 42. Ra6+ f6 43. Ra7 Kh6 44. Kh3 g6 45. f4 g5 46. Kg4 f5+
47. Kh3 g4+ 48. Kg2 Kg6 49. Ra6+ Kf7 50. Kf2 Ke7 51. Ke3 Rd5 52. Rc6 Kd7 53.
Rc4 Kd6 54. Rc8 Kd7 55. Rc4 Rb5 56. Rc3 Kd6 57. Rc8 Kd5 58. Kd3 Rb3+ 59. Ke2
Rb2+ 60. Ke3 Rb3+ 61. Kf2 Rb5 62. Ke3 Rc5 63. Re8 Kc4 64. Kd2 Kb4 65. Rb8+ Rb5
66. Re8 Kb3 67. Re3+ Kc4 68. Rc3+ Kb4 69. Re3 Rc5 70. Re8 a4 71. Rb8+ Kc4 72.
Ra8 Kb3 73. Rb8+ Ka2 74. Rb7 a3 75. Rb8 Ka1 76. Rb3 Ka2 77. Rb8 Ka1 78. Rb3 a2
79. Rb8 Rc6 80. Re8 Kb2 81. Rb8+ Ka3 82. Ra8+ Kb3 83. Rb8+ Kc4 84. Ra8 Rd6+ 85.
Ke2 Kb3 86. Rb8+ Kc3 87. Rc8+ Kd4 88. Ra8 Rh6 89. Ra4+ Kc5 90. Kd3 Rh2 91. Ra5+
Kb4 92. Ra8 Kb3 93. Kd4 Re2 94. Kd3 Re4 0-1

[Event "Najdorf Memorial Open"]
[Site "Warsaw POL"]
[Date "2008.08.08"]
[Round "7"]
[White "Zakhartsov, Vi"]
[Black "Moranda, W."]
[Result "0-1"]
[WhiteElo "2556"]
[BlackElo "2533"]
[PlyCount "138"]
[EventDate "2008.08.02"]
[SourceDate "1999.07.01"]

1. d4 Nf6 2. c4 e6 3. Nf3 b6 4. g3 Ba6 5. Qb3 Nc6 6. Nbd2 Bb7 7. e4 d5 8. cxd5
exd5 9. e5 Ne4 10. Bd3 Bb4 11. O-O Bxd2 12. Bxd2 O-O 13. Be3 Kh8 14. Nh4 f5 15.
exf6 Nxf6 16. f3 a5 17. a3 Ba6 18. Bxa6 Rxa6 19. Rac1 Ne7 20. Bf4 Ra7 21. Rfe1
Qd7 22. Qe3 Nc6 23. Qc3 Ne7 24. Re5 Rc8 25. Rce1 Neg8 26. Re6 Re8 27. Rxe8 Nxe8
28. Qe3 Nef6 29. Qe6 c5 30. Qxb6 c4 31. Qd6 Qb5 32. Qc5 Rb7 33. Qxb5 Rxb5 34.
Re2 g6 35. Bd6 Kg7 36. Ng2 Kf7 37. h4 Rb3 38. Kf2 h6 39. g4 h5 40. g5 Nd7 41.
Nf4 Nb6 42. Kg3 Nc8 43. Bc5 Nge7 44. Kf2 Rb7 45. Ke1 Nf5 46. Nxd5 Nxh4 47. Kf2
Nf5 48. Nc3 Nce7 49. Rd2 Nc6 50. f4 Nb8 51. Ne4 Nd7 52. d5 Rb3 53. Nd6+ Kf8 54.
Nxf5+ Nxc5 55. Nd6 Ke7 56. Nxc4 Ne4+ 57. Ke2 Nxd2 58. Kxd2 Rb5 59. d6+ Ke6 60.
Ke3 Rb3+ 61. Kf2 a4 62. Ne5 Rxb2+ 63. Ke3 Rb3+ 64. Ke4 Kxd6 65. Nxg6 Rxa3 66.
f5 Ra1 67. f6 Rf1 68. Nf4 Rxf4+ 69. Kxf4 Ke6 0-1

[Event "XXIII Rapid Open"]
[Site "Villarrobledo ESP"]
[Date "2008.08.03"]
[Round "7"]
[White "Shirov, A."]
[Black "Ljubojevic, L."]
[Result "1-0"]
[WhiteElo "2741"]
[BlackElo "2555"]
[PlyCount "67"]
[EventDate "2008.08.02"]
[SourceDate "1999.07.01"]

1. d4 Nf6 2. c4 e6 3. Nf3 b6 4. g3 Ba6 5. Qc2 Bb7 6. Bg2 Be4 7. Qd1 Bb4+ 8. Bd2
a5 9. O-O O-O 10. Bg5 h6 11. Bxf6 Qxf6 12. c5 a4 13. a3 Ba5 14. cxb6 Bxb6 15.
Nc3 Bxf3 16. Bxf3 d5 17. e3 c5 18. dxc5 Bxc5 19. Bg2 Nd7 20. Nxa4 Ba7 21. Rc1
Nb6 22. Nxb6 Bxb6 23. Qe2 Rab8 24. b4 Qe7 25. Rc6 Qa7 26. Qd3 Rfc8 27. Rfc1 Qa8
28. Rxc8+ Rxc8 29. Rxc8+ Qxc8 30. a4 Qc1+ 31. Bf1 Bc7 32. a5 Bd6 33. a6 Qa1 34.
Qb5 1-0

[Event "12th HZ Open"]
[Site "Vlissingen NED"]
[Date "2008.08.07"]
[Round "7"]
[White "Ikonnikov, Vy"]
[Black "Ernst, S."]
[Result "1/2-1/2"]
[WhiteElo "2592"]
[BlackElo "2581"]
[PlyCount "26"]
[EventDate "2008.08.02"]
[SourceDate "1999.07.01"]

1. d4 Nf6 2. Nf3 e6 3. c4 b6 4. g3 Bb7 5. Bg2 Be7 6. O-O O-O 7. Re1 Na6 8. Ne5
d5 9. cxd5 exd5 10. Nc3 c5 11. Bf4 cxd4 12. Qxd4 Re8 13. Rad1 Bc5 1/2-1/2

[Event "19th Czech Oce Open"]
[Site "Pardubice CZE"]
[Date "2008.07.13"]
[Round "6"]
[White "Vorobiov, E."]
[Black "Korobov, A."]
[Result "1/2-1/2"]
[WhiteElo "2550"]
[BlackElo "2590"]
[PlyCount "57"]
[EventDate "2008.07.10"]
[SourceDate "1999.07.01"]

1. d4 Nf6 2. c4 e6 3. Nf3 b6 4. a3 Bb7 5. Nc3 Bxf3 6. gxf3 g6 7. f4 Bg7 8. d5
exd5 9. cxd5 O-O 10. Bg2 d6 11. O-O Nbd7 12. Qc2 Nh5 13. Bd2 f5 14. Rac1 Qh4
15. e3 g5 16. fxg5 f4 17. exf4 Nxf4 18. Bxf4 Qxf4 19. Ne2 Qxg5 20. f4 Qg4 21.
h3 Qh4 22. b4 Rae8 23. Qd2 Nf6 24. Rxc7 Nh5 25. Qd3 Rf6 26. Qf3 Rg6 27. f5 Rg5
28. Rfc1 Bd4+ 29. Nxd4 1/2-1/2

[Event "XIII Open"]
[Site "Balaguer ESP"]
[Date "2008.07.21"]
[Round "8"]
[White "Burmakin, V."]
[Black "Corrales Jimenez, F."]
[Result "1-0"]
[WhiteElo "2625"]
[BlackElo "2504"]
[PlyCount "77"]
[EventDate "2008.07.14"]
[SourceDate "1999.07.01"]

1. d4 Nf6 2. Nf3 e6 3. c4 b6 4. g3 Ba6 5. b3 Bb4+ 6. Bd2 Be7 7. Bg2 c6 8. Bc3
d5 9. Nbd2 O-O 10. O-O c5 11. dxc5 bxc5 12. Ne5 Nbd7 13. Nc6 Qe8 14. Nxe7+ Qxe7
15. e3 Rad8 16. Qc2 Nb6 17. Rfc1 dxc4 18. Nxc4 Nxc4 19. bxc4 Bb7 20. e4 e5 21.
Rab1 Bc6 22. Rd1 h5 23. Qe2 Rxd1+ 24. Rxd1 Re8 25. Re1 Qe6 26. f3 h4 27. Bf1
hxg3 28. hxg3 Nh5 29. Qh2 g6 30. Be2 Ng7 31. Qh6 f5 32. f4 Bxe4 33. Bxe5 Qf7
34. Rd1 Ba8 35. Rd6 Rxe5 36. fxe5 Ne6 37. Bh5 Nf8 38. Bxg6 Qe7 39. Rf6 1-0

[Event "ZMD Open"]
[Site "Dresden GER"]
[Date "2008.07.23"]
[Round "5"]
[White "Maiwald, JU."]
[Black "Graf, A."]
[Result "1/2-1/2"]
[WhiteElo "2500"]
[BlackElo "2621"]
[PlyCount "78"]
[EventDate "2008.07.19"]
[SourceDate "1999.07.01"]

1. d4 Nf6 2. c4 e6 3. Nf3 b6 4. a3 Bb7 5. Nc3 d5 6. cxd5 Nxd5 7. Qc2 Nxc3 8.
bxc3 c5 9. e4 Nc6 10. Bb2 Rc8 11. Rd1 cxd4 12. cxd4 b5 13. Qd2 a6 14. Bd3 Qa5
15. O-O Qxd2 16. Nxd2 Bd6 17. Nb3 O-O 18. f4 Nb8 19. f5 Nd7 20. fxe6 fxe6 21.
Rxf8+ Bxf8 22. Rc1 Rxc1+ 23. Bxc1 Nf6 24. e5 Nd7 25. Nd2 Nb6 26. Kf2 Kf7 27. h4
Be7 28. g3 h6 29. Be2 Ke8 30. Ke3 Bd5 31. Ne4 Kd7 32. Nc5+ Bxc5 33. dxc5 Na4
34. Bd2 Nxc5 35. Bb4 Kc6 36. Kd4 Nb3+ 37. Ke3 Nc5 38. Kd4 Nb3+ 39. Ke3 Nc5
1/2-1/2

[Event "ZMD Open"]
[Site "Dresden GER"]
[Date "2008.07.24"]
[Round "6"]
[White "Hertneck, G."]
[Black "Ghaem Maghami, E."]
[Result "1/2-1/2"]
[WhiteElo "2519"]
[BlackElo "2597"]
[PlyCount "20"]
[EventDate "2008.07.19"]
[SourceDate "1999.07.01"]

1. d4 Nf6 2. c4 e6 3. Nf3 b6 4. g3 Ba6 5. Qa4 Bb7 6. Bg2 c5 7. dxc5 bxc5 8. O-O
Be7 9. Rd1 O-O 10. Nc3 Qb6 1/2-1/2

[Event "Superfinal Chelyabinsk Oblast"]
[Site "Satka RUS"]
[Date "2008.07.13"]
[Round "8"]
[White "Sherbakov, R."]
[Black "Riazantsev, A."]
[Result "0-1"]
[WhiteElo "2509"]
[BlackElo "2617"]
[PlyCount "62"]
[EventDate "2008.07.06"]
[SourceDate "1999.07.01"]

1. d4 Nf6 2. c4 e6 3. Nf3 b6 4. Nc3 Bb7 5. a3 d5 6. cxd5 Nxd5 7. Bd2 Nd7 8. Qc2
c5 9. Nxd5 exd5 10. dxc5 bxc5 11. e4 Be7 12. exd5 O-O 13. O-O-O c4 14. Bc3 Nb6
15. h4 Bxd5 16. Rd4 Bf6 17. Ng5 g6 18. Rg4 Bxc3 19. Qxc3 Na4 20. Qd4 Re8 21. h5
Re1+ 22. Kd2 Qa5+ 23. Kc2 Rb8 24. hxg6 Rxb2+ 25. Qxb2 Nxb2 26. gxf7+ Kf8 27.
Rxh7 Qa4+ 28. Kc3 Qb3+ 29. Kd4 Qd1+ 30. Kc5 Na4+ 31. Kd6 Ba8+ 0-1

[Event "Superfinal Chelyabinsk Oblast"]
[Site "Satka RUS"]
[Date "2008.07.15"]
[Round "10"]
[White "Lahno, Kateri"]
[Black "Riazantsev, A."]
[Result "0-1"]
[WhiteElo "2507"]
[BlackElo "2617"]
[PlyCount "94"]
[EventDate "2008.07.06"]
[SourceDate "1999.07.01"]

1. d4 Nf6 2. c4 e6 3. Nf3 b6 4. g3 Bb4+ 5. Bd2 Bxd2+ 6. Qxd2 Ba6 7. b3 O-O 8.
Bg2 d5 9. Nc3 c6 10. Ne5 Nfd7 11. Nd3 dxc4 12. Nb4 cxb3 13. Nxc6 Nxc6 14. Bxc6
Rc8 15. Bf3 Ne5 16. dxe5 Qxd2+ 17. Kxd2 Rfd8+ 18. Bd5 Bb7 19. axb3 Bxd5 20.
Nxd5 Rxd5+ 21. Ke3 Rxe5+ 22. Kf3 Rc3+ 23. e3 Rf5+ 24. Kg2 Rxb3 25. Rxa7 h5 26.
e4 Rf6 27. f4 e5 28. fxe5 Rb2+ 29. Kh3 Rff2 30. Kh4 Rb4 31. Kxh5 Rxe4 32. Kg5
Rxe5+ 33. Kg4 Re4+ 34. Kh3 Re6 35. Rb7 Rh6+ 36. Kg4 Rg6+ 37. Kh4 Rh6+ 38. Kg4
f5+ 39. Kg5 Kh7 40. Rf7 Rg6+ 41. Kh5 b5 42. Rf8 Rb6 43. g4 Rg2 44. Kg5 fxg4 45.
Rb1 Rg6+ 46. Kh4 g3 47. h3 Rf2 0-1

[Event "ch-PHI Finals"]
[Site "Mandaluyong PHI"]
[Date "2008.07.02"]
[Round "2"]
[White "Laylo, D."]
[Black "Paragua, M."]
[Result "1/2-1/2"]
[WhiteElo "2504"]
[BlackElo "2523"]
[PlyCount "61"]
[EventDate "2008.07.01"]
[SourceDate "1999.07.01"]

1. d4 Nf6 2. Nf3 e6 3. c4 b6 4. Nc3 Bb7 5. e3 Bb4 6. Bd2 O-O 7. Be2 d5 8. O-O
dxc4 9. Bxc4 Nbd7 10. Rc1 c5 11. a3 Bxc3 12. Bxc3 Ne4 13. Qe2 Nxc3 14. Rxc3 a6
15. dxc5 Nxc5 16. Rd1 Qf6 17. Rc2 Rfd8 18. Rcd2 b5 19. Ba2 h6 20. Rxd8+ Rxd8
21. Rxd8+ Qxd8 22. Qd2 Qxd2 23. Nxd2 Kf8 24. b4 Ne4 25. Nxe4 Bxe4 26. f3 Bb7
27. Kf2 Ke7 28. Ke2 Kd6 29. Kd3 Bd5 30. Bxd5 Kxd5 31. e4+ 1/2-1/2